| 000 | 00428nam a22001577a 4500 | ||
|---|---|---|---|
| 020 | _a9788188571581 | ||
| 082 |
_aH 891.43 _bSHI/H |
||
| 100 |
_aShiv Prasad Sukla _96372 |
||
| 245 |
_aHindi sahitya: _bnet/slet/ _cby Shiv Prasad Sukla |
||
| 260 |
_aKanpur: _bChinthen Prakasan, _c2012. |
||
| 300 | _a399p. | ||
| 650 |
_aNET Hindi Literature _96373 |
||
| 650 |
_aHindi Literature _96374 |
||
| 650 |
_aLiterature _96375 |
||
| 942 | _cBK | ||
| 999 |
_c63378 _d63378 |
||